Multimedia Analysis and Dance Recognition

Saved in:
Bibliographic Details
Main Author: Baka, Barnabás (Author)
Other Authors: Rozinaj, Gregor (Thesis advisor)
Format: Manuscript Book
Language:Slovak
English
Published: Bratislava : STU v Bratislave FEI, 2020
Subjects:
Online Access:https://opac.crzp.sk/?fn=*AdvancedSearch&search=advanced&entity=0&seo=CRZP-H%C4%BEadanie
Tags: Add Tag
No Tags, Be the first to tag this record!

MARC

LEADER 00000ntm a22000003a 4500
001 stuzp77714
003 SK-STU
005 20200721091724.9
007 ta
008 150427s2015----xo-----f-mn---000-0-slo-d
040 |a STU  |b slo 
041 0 |a eng 
044 |a xo 
100 1 |a Baka, Barnabás  |u 037000  |4 aut  |U FEI Fakulta elektrotechniky a informatiky  |T FEI Ústav multimediálnych informačných a komunikačných technológií  |X 92245  |U E070  |Y 818  |7 92245 
242 0 1 |a Multimediálna analýza a rozpoznanie druhu tanca  |y slo 
245 1 0 |a Multimedia Analysis and Dance Recognition 
260 |a Bratislava : 
260 |b STU v Bratislave FEI, 
260 |c 2020 
300 |a 42 s. 
650 4 |a analýza audio signálu  |2 slo 
650 4 |a klasifikácia žánrov  |2 slo 
650 4 |a strojové učenie  |2 slo 
650 4 |a audio signal processing  |2 eng 
650 4 |a genre classification  |2 eng 
650 4 |a machine learning  |2 eng 
700 1 |a Rozinaj, Gregor  |u 037000  |k Z1  |4 ths  |U FEI Fakulta elektrotechniky a informatiky  |T FEI Ústav multimediálnych informačných a komunikačných technológií  |X 1945  |U E070  |Y 818  |7 A000001945 
856 4 |u https://opac.crzp.sk/?fn=*AdvancedSearch&search=advanced&entity=0&seo=CRZP-H%C4%BEadanie